000 00500nam a2200145Ia 4500
008 220326s9999||||xx |||||||||||||| ||und||
020 _a979-9408-24-5
084 _a10121 WID Gov Bo.3b
100 _aJoko Widodo
245 0 _aGood Governance, Telaah dari Dimensi: Akuntabilitas dan Kontrol Birokrasi pada Era Desentralisasi dan Otonomi Daerah
260 _aSurabaya
_bInsan Cendekia
_c2001
300 _avi + 323 halaman
650 _aGovernment (Pemerintahan)
_eG-O-V
_yGood Governance
942 _cBK
999 _c12686
_d12686